01279nam a2200325 a 4500001001200000003000800012006001900020007001500039008004100054015001500095020001500110020002200125040002100147035002000168050002300188100002200211245012200233260005200355300001100407504006600418533015200484650002300636650003300659650004400692650002800736655002900764710001700793856012600810999001700936ebr10076747CaPaEBRm u cr cn|||||||||020226s2003 enk sb 001 0 eng  aGBA2-W4504 z0761951741 z076195175X (pbk.) aCaPaEBRcCaPaEBR a(OCoLC)7077397714aHM623b.G73 2003eb1 aGray, Ann,d1946-10aResearch practice for cultural studiesh[electronic resource] :bethnographic methods and lived cultures /cAnn Gray. aLondon ;aThousand Oaks, Calif. :bSAGE,c2003. a207 p. aIncludes bibliographical references (p. [191]-198) and index. aElectronic reproduction.bPalo Alto, Calif. :cebrary,d2013.nAvailable via World Wide Web.nAccess may be limited to ebrary affiliated libraries. 0aCulturexResearch. 0aCulturexStudy and teaching. 0aSocial sciencesxResearchxMethodology. 0aEthnologyxMethodology. 7aElectronic books.2local2 aebrary, Inc.40uhttp://site.ebrary.com/lib/rucke/Doc?id=10076747zAn electronic book accessible through the World Wide Web; click to view c53987d53987